| 000 | 01866cam a22004814i 4500 | ||
|---|---|---|---|
| 003 | PE-LiUPU | ||
| 005 | 20250731180129.0 | ||
| 008 | 150625s r 000 0 d | ||
| 035 | _a(Sirsi) a34390 | ||
| 040 |
_aPE-LiUPU _bspa _cPE-LiUPU _erda |
||
| 082 | 0 | 4 |
_a519.2 _bD83 _221 |
| 100 | 1 |
_aDixon, John R., _eautor. |
|
| 245 | 1 | 0 |
_aIntroduccion a la probalidad / _cJohn R. Dixon. |
| 264 | 1 |
_aMéxico : _bLimusa-Wiley, S.A, _c1970. |
|
| 300 |
_aPaginación varia ; _c22 cm. |
||
| 336 |
_atext _2rdacontent |
||
| 337 |
_aunmediated _2rdamedia |
||
| 338 |
_avolume _2rdacarrier |
||
| 505 | 0 | _aIntroducción a la lógica, la incertidumbre y la teoría de probabilidades. -Notación de la lógica simbólica. -Tablas de Verdad. -El Concepto de Probabilidad. -El principio de la razón insuficiente. -Probabilidad de eventos combinadosAB. -Probabilidad de eventos combinados(A+B). -Regla de Bayes y problemas. -Más problemas. -Y más problemas. -Permutaciones. -Combinaciones y permutaciones. -La distribución binomial. -El valor esperado, la variancia y la desviación estandar. | |
| 526 | _aSEG44 | ||
| 526 | _aSEG26 | ||
| 526 | _aP159 | ||
| 526 | _aP155 | ||
| 526 | _aP154 | ||
| 526 | _aP153 | ||
| 526 | _aP150 | ||
| 526 | _aP100 | ||
| 526 | _aP31 | ||
| 526 | _aP30 | ||
| 526 | _aP26 | ||
| 526 | _aP25 | ||
| 526 | _aP24 | ||
| 526 | _aP22 | ||
| 526 | _aP15 | ||
| 526 | _aP10 | ||
| 650 | 0 | 4 | _aProbabilidades. |
| 910 | _a | ||
| 942 |
_2ddc _cBOOK |
||
| 949 |
_a519.2 D83 _wDEWEY _c1 _i25100 _lCCODEBUL1 _mBUL _p00.00 _r0 _sY _tBOOK _u2015-06-25 _xBIBLIOTECA _zUNKNOWN _0COMPRA _o.STAFF. Colección General |
||
| 596 | _a1 | ||
| 999 |
_a519.2 D83 _wDEWEY _c42241 _i25100 _f2021-11-9 _g7 _lCCODEBUL1 _mBUL _r0 _sY _tBOOK _u2015-6-25 _xINGENIERIA _zUNKNOWN _0COMPRA _o.STAFF. Colección General _d42241 |
||
| 980 |
_81 _gALBERTO SANCHEZ Responsable de Automatización |
||